| 000 | 00000nam##2200000za#4500 |
| 001 | 9.700253 |
| 003 | CaOODSP |
| 005 | 20210625000742 |
| 007 | cr ||||||||||| |
| 008 | 150407|2015||||xxc|||||o f|0| 0 eng|d |
| 020 | |a978-1-100-25587-3 |
| 040 | |aCaOODSP|beng |
| 043 | |an-cn--- |
| 086 | 1 |aIu188-113/2-2015E-PDF |
| 110 | 1 |aCanada.|bIndustry Canada. |bSmall Business Branch. |
| 245 | 10|aSME profile - Canadian exporters / |h[electronic resource]|c[by] Daniel Seens. |
| 260 | |aOttawa - Ontario : |bIndustry Canada. |cJanuary 2015. |
| 300 | |a22p.|bfigs., graphs, references, tables |
| 590 | |a15-06|b2015-02-06 |
| 690 | 07|aExports|2gcpds |
| 690 | 07|aSmall businesses|2gcpds |
| 775 | 08|tProfil des PME - les exportateurs canadiens / |w(CaOODSP)9.644149 |
| 856 | 40|ahttp://publications.gc.ca|qPDF|s943 KB|uhttps://publications.gc.ca/collections/collection_2015/ic/Iu188-113-2-2015-eng.pdf |